Southville International School and Colleges
Your cart is empty.
  • Cart
  • Lists
    Public lists Eva Luna New books Lux_list list_1
    Your lists Log in to create your own lists
  • Log in to your account
  • Your cookies
  • Search history
Southville International School and Colleges
  • Advanced search
  • Recent comments
  • Most popular
  • Libraries

Log in to your account

Log in with GOOGLE


If you do not have an external account, but do have a local account, you can still log in:

  1. Home
  2. MARC view: Ender's game /
Normal view MARC view ISBD view

Ender's game / (Record no. 287861)

[ view plain ]
MARC details
000 -LEADER
fixed length control field 00539nam a2200181Ia 4500
008 - FIXED-LENGTH DATA ELEMENTS--GENERAL INFORMATION
fixed length control field 150610s9999 xx 000 0 und d
020 ## - INTERNATIONAL STANDARD BOOK NUMBER
International Standard Book Number 9780765342294
050 ## - LIBRARY OF CONGRESS CALL NUMBER
Classification number PS3553
Item number .A655 .C178e 2002  
100 ## - MAIN ENTRY--PERSONAL NAME
Personal name Card, Orson Card
245 ## - TITLE STATEMENT
Title Ender's game /
Statement of responsibility, etc Orson Scott Card.
250 ## - EDITION STATEMENT
Edition statement 1st Starscape ed.
260 ## - PUBLICATION, DISTRIBUTION, ETC. (IMPRINT)
Place of publication, distribution, etc New York :
Name of publisher, distributor, etc Starscape,
Date of publication, distribution, etc 2002.
300 ## - PHYSICAL DESCRIPTION
Extent 324pages ;
Dimensions 20 cm.
520 ## - SUMMARY, ETC.
Summary, etc Fiction.
650 ## - SUBJECT ADDED ENTRY--TOPICAL TERM
Topical term or geographic name as entry element Brothers and sisters
General subdivision Fiction.
650 ## - SUBJECT ADDED ENTRY--TOPICAL TERM
Topical term or geographic name as entry element Genetic engineering
General subdivision Fiction.
650 ## - SUBJECT ADDED ENTRY--TOPICAL TERM
Topical term or geographic name as entry element War games
Topical term following geographic name as entry element Fiction.
Holdings
Withdrawn status Lost status Damaged status Home library Current library Shelving location Date acquired Total Checkouts Full call number Barcode Date last seen Price effective from Koha item type
      Stonyhurst Southville International School (Batangas) Stonyhurst Southville International School (Batangas) High School Section 06/10/2015    PS3553.A655 .C178e 2002   US-2117 06/10/2015   Books

Ender's game /

APA

Card O. C., . (2002). Ender's game. New York: Starscape.

Chicago

Card Orson Card, . 2002. Ender's game. New York: Starscape.

Harvard

Card O. C., . (2002). Ender's game. New York: Starscape.

MLA

Card Orson Card, . Ender's game. New York: Starscape. 2002.

  • Place hold
  • Print
  • Cite
  • Add to your cart (remove)
  • Save record
    BIBTEX Dublin Core MARCXML MARC (non-Unicode/MARC-8) MARC (Unicode/UTF-8) MARC (Unicode/UTF-8, Standard) MODS (XML) RIS
  • More searches
    Search for this title in:
    Other Libraries (WorldCat) Other Databases (Google Scholar) Online Stores (Bookfinder.com) Open Library (openlibrary.org)

Exporting to Dublin Core...

SOUTHVILLE LIBRARY

Southville International School and Colleges Library

1281 Tropical Ave. Cor. Luxembourg St., BF Homes International, Las Pinas City

Tel. No. 8256374 / 252358 Loc. 117/146

Powered by Koha